[Event "COL-ch Intercoleg-A"]
[Site "Bucaramanga"]
[Date "2011.10.21"]
[Round "6.8"]
[White "Rios, Lina Paola"]
[Black "Del Prado Marin, Dainis Edith"]
[Result "0-1"]
[WhiteElo "1320"]
[BlackElo "1557"]
[PlyCount "160"]
[EventDate "2011.10.19"]
[EventType "swiss"]
[EventRounds "6"]
[EventCountry "COL"]
[SourceTitle "EXT 2024"]
[Source "ChessBase"]
[SourceDate "2023.10.10"]
[SourceVersion "1"]
[SourceVersionDate "2023.10.10"]
[SourceQuality "1"]

1. e4 e5 2. Nf3 Nc6 3. Bb5 Nf6 4. Qe2 Bc5 5. c3 a6 6. Ba4 Ng4 7. 0-0 d5 8. exd5 Qxd5 9. Bb3 Qd6 10. h3 Nf6 11. d3 h6 12. Re1 0-0 13. Nbd2 b5 14. Nf1 Be6 15. Bc2 Nd5 16. Ng3 Nf6 17. Be3 Rfe8 18. Rad1 Rad8 19. d4 exd4 20. cxd4 Bb4 21. Bd2 Bc4 22. Bxb4 Rxe2 23. Bxd6 Rxe1+ 24. Rxe1 Rxd6 25. Ne5 Nb4 26. Nxc4 bxc4 27. Bb1 Rxd4 28. Nh5 Rd8 29. Nxf6+ gxf6 30. Kh2 Rd2 31. a3 Nd3 32. Re8+ Kg7 33. Rc8 c5 34. Ba2 c3 35. Bb1 cxb2 36. Rb8 Rd1 37. Bc2 b1Q 38. Bxb1 Nxf2 39. Bc2 Rh1+ 40. Kg3 Rc1 41. Rb2 Nd1 42. Bxd1 Rxd1 43. Rb6 Rd8 44. Rxa6 Rc8 45. Rd6 c4 46. a4 c3 47. Rd1 Kg6 48. a5 c2 49. Rc1 Kf5 50. Kf3 Kg5 51. a6 f5 52. a7 f4 53. a8Q Rxa8 54. Rxc2 Ra3+ 55. Kf2 Kh4 56. Rc6 Ra2+ 57. Kf3 h5 58. Rf6 Ra3+ 59. Kxf4 Ra4+ 60. Kf3 Ra7 61. Rf4+ Kg5 62. g4 Ra3+ 63. Ke4 Ra4+ 64. Ke3 Rxf4 65. Ke2 hxg4 66. hxg4 Rxg4 67. Kf3 Ra4 68. Ke3 f6 69. Kf3 f5 70. Ke3 f4+ 71. Kf3 Ra3+ 72. Kg2 Kg4 73. Kf2 f3 74. Kf1 Kg3 75. Ke1 Kg2 76. Kd2 f2 77. Kc2 f1Q 78. Kb2 Re3 79. Kc2 Qf2+ 80. Kd1 Re1# 0-1